000 00703nam a2200217 i 4500
001 17375
003 ES-MaACL
005 20230906151550.0
007 t|
008 010226s2000 sp ||||1| spa d
020 _a84-95354-32-2
080 _a821.131.1-31"19"
100 1 _aRiccarelli, Ugo.
_996874
245 1 3 _aUn hombre que acaso se llamaba Schulz
_b: un diario íntimo /
_cUgo Riccarelli ; prólogo de Antonio Tabucchi ; traducción de Carlos Gumpert.
260 _aMadrid :
_bMaeva,
_c[2000]
300 _a188 p. ;
_c24 cm.
700 1 _aTabucchi, Antonio.
_9109042
700 1 _aGumpert, Carlos.
_960948
852 _aES-MaACL
_jL-24286
_bR.129572
852 _aES-MaACL
_jL-24890
_bR.129996
999 _c17375
_d17375